<?xml version="1.0" encoding="UTF-8"?>
<record
    xmlns:xsi="http://www.w3.org/2001/XMLSchema-instance"
    xsi:schemaLocation="http://www.loc.gov/MARC21/slim http://www.loc.gov/standards/marcxml/schema/MARC21slim.xsd"
    xmlns="http://www.loc.gov/MARC21/slim">

  <leader>01980nam a22003257a 4500</leader>
  <controlfield tag="003">OSt</controlfield>
  <controlfield tag="005">20260210164029.0</controlfield>
  <controlfield tag="008">260210b           ||||| |||| 00| 0 spa d</controlfield>
  <datafield tag="020" ind1=" " ind2=" ">
    <subfield code="a">9786287729353</subfield>
  </datafield>
  <datafield tag="040" ind1=" " ind2=" ">
    <subfield code="c">CO-Mq BPB</subfield>
  </datafield>
  <datafield tag="041" ind1="0" ind2=" ">
    <subfield code="a">spa</subfield>
  </datafield>
  <datafield tag="043" ind1=" " ind2=" ">
    <subfield code="a">s-ck---</subfield>
  </datafield>
  <datafield tag="082" ind1="0" ind2="4">
    <subfield code="a">305.898</subfield>
    <subfield code="b">H69o</subfield>
  </datafield>
  <datafield tag="100" ind1="1" ind2="0">
    <subfield code="a">Hoyos, Juan Jos&#xE9;,</subfield>
    <subfield code="d">1953-</subfield>
    <subfield code="e">aut</subfield>
    <subfield code="9">80733</subfield>
  </datafield>
  <datafield tag="245" ind1="1" ind2="3">
    <subfield code="a">El oro y la sangre /</subfield>
    <subfield code="c">Juan Jos&#xE9; Hoyos.</subfield>
  </datafield>
  <datafield tag="250" ind1=" " ind2=" ">
    <subfield code="a">Edici&#xF3;n especial</subfield>
  </datafield>
  <datafield tag="264" ind1=" " ind2="1">
    <subfield code="a">Bogot&#xE1;, Colombia :</subfield>
    <subfield code="b">S&#xED;laba Editores,</subfield>
    <subfield code="c">2024</subfield>
  </datafield>
  <datafield tag="300" ind1=" " ind2=" ">
    <subfield code="a">222 p&#xE1;ginas :</subfield>
    <subfield code="b">ilustraciones, fotograf&#xED;as en blanco y negro, tapa rustica;</subfield>
    <subfield code="c">24 cm</subfield>
  </datafield>
  <datafield tag="336" ind1=" " ind2=" ">
    <subfield code="a">texto</subfield>
    <subfield code="b">txt</subfield>
    <subfield code="2">rdacontent</subfield>
  </datafield>
  <datafield tag="337" ind1=" " ind2=" ">
    <subfield code="a">sin mediaci&#xF3;n</subfield>
    <subfield code="b">n</subfield>
    <subfield code="2">rdamedia</subfield>
  </datafield>
  <datafield tag="338" ind1=" " ind2=" ">
    <subfield code="a">volumen</subfield>
    <subfield code="b">nc</subfield>
    <subfield code="2">rdacarrier</subfield>
  </datafield>
  <datafield tag="490" ind1="0" ind2=" ">
    <subfield code="a">S&#xED;labas de Tinta</subfield>
  </datafield>
  <datafield tag="520" ind1=" " ind2=" ">
    <subfield code="a">El Oro y la Sangre es un microcosmos del pa&#xED;s. Un ind&#xED;gena ember&#xE1; halla una mina de oro y sobre su comunidad se precipita una legi&#xF3;n de aventureros, comerciantes, estafadores y guerrilleros. Despu&#xE9;s de los primeros muertos la ambici&#xF3;n por el oro desemboca en una guerra en la que los contendientes y las v&#xED;ctimas los ponen los ind&#xED;genas. Entonces interviene todo el mundo: la Iglesia, el gobierno, la polic&#xED;a, el ej&#xE9;rcito, la comisi&#xF3;n de paz, la de asuntos ind&#xED;gena, la de derechos humanos... Mientras tanto el rosario de muertes se sigue desgranando. Enloquecidos por la s&#xFA;bita bonanza, los ind&#xED;genas descubren un d&#xED;a el avi&#xF3;n y se dedican a volar d&#xED;as enteros, o a comprar prostitutas por docenas y a mandarse a te&#xF1;ir el pelo del color del oro. En el tr&#xE1;nsito final, un comando guerrillero logra imponer un ilusorio per&#xED;odo de calma</subfield>
    <subfield code="u">https://silaba.com.co/libro/el-oro-y-la-sangre/</subfield>
  </datafield>
  <datafield tag="521" ind1="1" ind2=" ">
    <subfield code="a">Recomendado para un p&#xFA;blico adulto</subfield>
  </datafield>
  <datafield tag="650" ind1="1" ind2="7">
    <subfield code="a">Cronicas</subfield>
    <subfield code="2">lemb</subfield>
    <subfield code="9">3641</subfield>
  </datafield>
  <datafield tag="650" ind1="1" ind2="7">
    <subfield code="a">Emberas</subfield>
    <subfield code="x">Violencia contra</subfield>
    <subfield code="2">lemb</subfield>
    <subfield code="9">58036</subfield>
  </datafield>
  <datafield tag="650" ind1="1" ind2="7">
    <subfield code="a">Minas de oro</subfield>
    <subfield code="x">Aspectos econ&#xF3;micos</subfield>
    <subfield code="z">Colombia</subfield>
    <subfield code="2">lemb</subfield>
    <subfield code="9">289216</subfield>
  </datafield>
  <datafield tag="650" ind1="1" ind2="7">
    <subfield code="a">Ind&#xED;genas de Colombia</subfield>
    <subfield code="x">Usos y costumbres</subfield>
    <subfield code="2">lemb</subfield>
    <subfield code="9">182094</subfield>
  </datafield>
  <datafield tag="942" ind1=" " ind2=" ">
    <subfield code="2">ddc</subfield>
    <subfield code="c">BK</subfield>
  </datafield>
  <datafield tag="999" ind1=" " ind2=" ">
    <subfield code="c">16077</subfield>
    <subfield code="d">16077</subfield>
  </datafield>
  <datafield tag="952" ind1=" " ind2=" ">
    <subfield code="0">0</subfield>
    <subfield code="1">0</subfield>
    <subfield code="2">ddc</subfield>
    <subfield code="4">0</subfield>
    <subfield code="7">0</subfield>
    <subfield code="8">GEN</subfield>
    <subfield code="a">BPMOS</subfield>
    <subfield code="b">BPMOS</subfield>
    <subfield code="c">GEN</subfield>
    <subfield code="d">2026-02-10</subfield>
    <subfield code="e">Donaci&#xF3;n Min. Cultura 2025</subfield>
    <subfield code="i">NT</subfield>
    <subfield code="l">1</subfield>
    <subfield code="o">305.898 H69o</subfield>
    <subfield code="p">MOS504559</subfield>
    <subfield code="r">2026-03-25</subfield>
    <subfield code="s">2026-03-20</subfield>
    <subfield code="t">Ej.1</subfield>
    <subfield code="w">2026-02-10</subfield>
    <subfield code="y">BK</subfield>
    <subfield code="z">Ocho d&#xED;as </subfield>
  </datafield>
</record>
